| 000 | 01033cam a2200289 a 4500 | ||
|---|---|---|---|
| 999 |
_c8390 _d8390 |
||
| 001 | 8390 | ||
| 003 | BD-JhCC | ||
| 005 | 20180222135323.0 | ||
| 008 | 840829s1985 nyua j 000 0 eng | ||
| 020 | _a0027512509 | ||
| 035 | _a(BD-JhCC)8390 | ||
| 040 |
_aDLC _cDLC _dDLC _dBD-JhCC |
||
| 041 | _aeng | ||
| 050 | 0 | 0 |
_aQB723.H2 _bK78 1985 |
| 082 | 0 | 0 |
_a523.6/4 _219 _bKRU 1985 |
| 100 | 1 |
_aKrupp, E. C. _q(Edwin C.), _d1944- |
|
| 245 | 1 | 4 |
_aThe comet and you / _cwritten by E.C. Krupp ; illustrated by Robin Rector Krupp. |
| 260 |
_aNew York : _bMacmillan Pub. Co. ; _aLondon : _bCollier Macmillan, _cc1985. |
||
| 300 |
_a48 p. : _bill. ; _c22 x 26 cm. |
||
| 520 | _aPresents the history, appearance, and physical composition of Halley's comet and compares it to other comets, describing its path through the solar system and its predicted return. | ||
| 650 | 1 | _aHalley's comet. | |
| 651 | 0 |
_aHalley's comet _xJuvenile literature. |
|
| 651 | 1 | _aComets. | |
| 700 | 1 | _aKrupp, Robin Rector, | |
| 942 |
_2ddc _cBK |
||